|
|
|
|
| LEADER |
00000nam0a2200000 4500 |
| 001 |
65607 |
| 005 |
20231031070717.0 |
| 035 |
|
|
|a (RuTPU)RU\TPU\book\69637
|
| 090 |
|
|
|a 65607
|
| 100 |
|
|
|a 20040623d2003 m y0rusy50 ca
|
| 101 |
0 |
|
|a rus
|
| 102 |
|
|
|a RU
|
| 105 |
|
|
|a y j 001zy
|
| 200 |
1 |
|
|a Порядок проведения инспекционного контроля за сертифицированной продукцией
|e конспект лекций
|f О. В. Букатин
|g Академия стандартизации, метрологии и сертификации (учебная) Госстандарта России
|
| 210 |
|
|
|a Москва
|c АСМС
|d 2003
|
| 215 |
|
|
|a 12 с.
|
| 320 |
|
|
|a Библиогр.: с. 12
|
| 610 |
1 |
|
|a организация производства
|
| 610 |
1 |
|
|a продукция
|
| 610 |
1 |
|
|a сертификация
|
| 610 |
1 |
|
|a контроль
|
| 610 |
1 |
|
|a инспекция
|
| 610 |
1 |
|
|a проверка
|
| 610 |
1 |
|
|a испытания
|
| 610 |
1 |
|
|a лекции
|
| 610 |
1 |
|
|a учебные пособия
|
| 675 |
|
|
|a 658.562.012.7(07)
|v 3
|
| 700 |
|
1 |
|a Букатин
|b О. В.
|
| 712 |
0 |
2 |
|a Академия стандартизации, метрологии и сертификации (учебная) Госстандарта России
|2 stltpush
|3 (RuTPU)RU\TPU\col\802
|
| 801 |
|
1 |
|a RU
|b 63413507
|c 20040623
|g PSBO
|
| 801 |
|
2 |
|a RU
|b 63413507
|c 20100824
|g PSBO
|
| 942 |
|
|
|c BK
|
| 959 |
|
|
|a 106/20040623
|d 1
|e 90
|f ЧЗКДП:1
|